Countries That Start And End With The Same Letter - Statistics

General Stats
  • This quiz has been taken 100 times
  • The average score is 11 of 13
Answer Stats
Continent Letter Country % Correct
Oceania A Australia
95%
Europe A Austria
92%
Europe A Albania
91%
Europe A Andorra
90%
Africa A Angola
87%
South America A Argentina
87%
Asia A Armenia
84%
Africa A Algeria
81%
North America A Antigua and Barbuda
81%
North America S Saint Kitts and Nevis
76%
Oceania S Solomon Islands
76%
Africa S Seychelles
74%
North America S Saint Vincent and the Grenadines
73%
No matching quizzes found
Score Distribution
Percent of People with Each Score
Percentile by Number Answered
Your Score History
You have not taken this quiz